Loading...
| Current Events | 9 | 823.33 | 2,744% | 3,289% | 2,200% |
| Fine Arts - Classical Music | 7 | 14.29 | 86% | 43% | 14% |
| Fine Arts - Other Fine Arts | 7 | 28.57 | 186% | 100% | 0% |
| Geography | 3 | 23.33 | 100% | 100% | 33% |
| History - European History | 4 | 42.50 | 175% | 150% | 100% |
| History - Other History | 4 | 22.50 | 100% | 75% | 50% |
| History - World History | 5 | 22.00 | 100% | 80% | 40% |
| Literature - American Literature | 6 | 18.33 | 100% | 67% | 17% |
| Literature - British Literature | 4 | 17.50 | 100% | 75% | 0% |
| Literature - European Literature | 6 | 40.00 | 133% | 200% | 67% |
| Literature - World Literature | 5 | 20.00 | 100% | 80% | 20% |
| Mythology | 2 | 25.00 | 100% | 100% | 50% |
| Painting/Sculpture | 5 | 30.00 | 100% | 100% | 100% |
| Philosophy | 6 | 16.67 | 83% | 67% | 17% |
| Pop Culture | 4 | 25.00 | 100% | 75% | 75% |
| Religion | 5 | 20.00 | 100% | 80% | 20% |
| Science - Biology | 4 | 20.00 | 100% | 100% | 0% |
| Science - Chemistry | 4 | 25.00 | 100% | 75% | 75% |
| Science - Other Science | 3 | 16.67 | 67% | 67% | 33% |
| Science - Physics | 5 | 22.00 | 100% | 80% | 40% |
| Social Science | 2 | 15.00 | 100% | 50% | 0% |